लोड हो रहा है...

Research handbook on entrepreneurial opportunities : reopening the debate/

ग्रंथसूची विवरण
अन्य लेखक: Leger-Jarniou, Catherine, Ed, Tegtmeier, Silke, Ed
स्वरूप: Printed Book
प्रकाशित: UK: Edward Elgar, 2017.
विषय:
LEADER 00630nam a22001577a 4500
020 |a 9781783475438 
082 |a R 338.7  |b RES 
245 |a  Research handbook on entrepreneurial opportunities :  |b  reopening the debate/  |c edited by Catherine Leger-Jarniou and Silke Tegtmeier. 
260 |a UK:  |b Edward Elgar,  |c 2017. 
300 |a 312 pages. 
650 |a Entrepreneurship;   |a Public enterprise 
700 |a Leger-Jarniou, Catherine, Ed. 
700 |a Tegtmeier, Silke, Ed. 
942 |c BK 
999 |c 316398  |d 316398 
952 |0 0  |1 0  |4 0  |6 R_338_700000000000000_RES  |7 0  |9 338402  |a IMK  |b IMK  |c REF  |d 2020-12-03  |g 11323.00  |o R 338.7 RES  |p IMK14836  |w 2020-12-03  |y BK